Michal Tučný & přátelé

Hlavní autor: Tučný, Michal, 1947-1995
Další autoři: Rytíř, Zdeněk, 1944-2013, Linka, Tomáš, 1946-
Jazyk: Čeština
Vydáno: Praha : Supraphon, p2005
Témata:
Fyzický popis: 1 zvuková deska (77:51) : digital, stereo ; 12 cm + 1 brožura [12 s.]
Vydáno také na kazetě; SU 5628-4
Zvukové nahrávky
Uloženo v:
LEADER 01975njm a2200421 a 4500
001 000775932
003 CZ BrMZK
005 20061204123918.0
007 sd fsngnnmmned
008 050524s2005 xr pp g cze d
015 |a cnb001580453 
028 0 0 |a SU 5628-2  |b Supraphon 
040 |a BOA001  |b cze 
048 |a od  |b vu 
080 |a 784.4  |2 MRF 
080 |a 785.16  |2 MRF 
080 |a (086.76)  |2 MRF 
100 1 |a Tučný, Michal,  |d 1947-1995  |7 jn99240001207  |4 sng 
245 1 0 |a Michal Tučný & přátelé  |h [zvukový záznam] 
260 |a Praha :  |b Supraphon,  |c p2005 
300 |a 1 zvuková deska (77:51) :  |b digital, stereo ;  |c 12 cm +  |e 1 brožura [12 s.] 
306 |a 011751 
500 |a Kompaktní deska (AAD 
500 |a Kompilace 
500 |a Původní fonogramy p1969-1997 různá vydavatelství 
505 0 0 |t Kosmickej vandr --  |t El Paso --  |t Rovnou, jo tady rovnou --  |t T jako Texas --  |t Lojza a Líza --  |t Chtěl bych být medvídkem --  |t Buď nad věcí --  |t Už tě vlak přiváží --  |t Odval ten kámen --  |t Čistá práce --  |t Sundej z hodin závaží --  |t Desperát --  |t Modrý měsíc --  |t Uhni, jedu dál --  |t Country kolotoč --  |t Účty --  |t Sweet dreams --  |t Cizinec --  |t Rodinné štěstí --  |t Včera jsem tě neviděl --  |t Len chcieť --  |t Můj kalendář --  |t Děláme co můžem 
511 0 |a Zpívají: Michal Tučný, Zdeněk Rytíř, Tomáš Linka ... [et al.] 
530 |a Vydáno také na kazetě;  |d SU 5628-4 
650 0 7 |a populární písně  |7 ph124354  |y 1961-1970  |2 czenas 
650 0 7 |a populární písně  |7 ph124354  |y 1971-1980  |2 czenas 
650 0 7 |a populární písně  |7 ph124354  |y 1981-1990  |2 czenas 
655 7 |a kompaktní desky  |7 fd201991  |2 czenas 
700 1 |a Rytíř, Zdeněk,  |d 1944-2013  |7 jk01103428  |4 sng 
700 1 |a Linka, Tomáš,  |d 1946-  |7 mzk2003198789  |4 sng 
910 |a BOA001  |b CD-0012.390 
990 |a AV 
991 |b 200506 
996 6 |b 261H013605  |c CD-0012.390  |l MZK  |r Sklad / do 24 hodin  |n 0  |w 000775932  |u 000010  |a 1  |e BOA001  |j MZK50  |s P